[Event "Liberec Region-chT 2223"]
[Site "Czech Republic"]
[Date "2022.11.13"]
[Round "3.7"]
[White "Tryhuba, Jaroslav"]
[Black "Jina, Lubos"]
[Result "1/2-1/2"]
[WhiteElo "1774"]
[BlackElo "1634"]
[PlyCount "109"]
[EventDate "2022.10.09"]
[EventType "team-tourn"]
[EventRounds "11"]
[EventCountry "CZE"]
[SourceTitle "EXT 2024"]
[Source "ChessBase"]
[SourceDate "2023.10.10"]
[SourceVersion "1"]
[SourceVersionDate "2023.10.10"]
[SourceQuality "1"]

1. d4 d5 2. c4 e6 3. Nc3 Nf6 4. Nf3 b6 5. Bg5 Be7 6. e3 Bb7 7. a3 h6 8. Bh4 0-0 9. Rc1 Nbd7 10. Bg3 c5 11. cxd5 Nxd5 12. Be2 N7f6 13. 0-0 Nxc3 14. bxc3 Ne4 15. Qb3 Nxg3 16. hxg3 Rc8 17. Rfd1 Qc7 18. c4 cxd4 19. exd4 Bf6 20. a4 Rfd8 21. Rb1 Bxf3 22. gxf3 Bxd4 23. Kg2 Bc5 24. f4 Bd4 25. Qf3 Qc6 26. Qxc6 Rxc6 27. Kf3 Rcd6 28. Rb3 Kf8 29. Rbd3 Ke7 30. Kg2 Bb2 31. g4 Rxd3 32. Rxd3 Rxd3 33. Bxd3 Kd6 34. Bh7 Kc5 35. Bg8 Kxc4 36. Bxf7 Kb4 37. Be8 a6 38. Bd7 e5 39. f5 b5 40. axb5 axb5 41. Kf3 Kc4 42. Ke4 b4 43. f3 Kb3 44. Kd3 Ka3 45. Be8 Bc1 46. Bf7 b3 47. Kc3 b2 48. Kc2 Kb4 49. Bd5 Kc5 50. Be4 Kd4 51. Kb1 Ke3 52. Kc2 Kf4 53. Kb1 Kg5 54. Kc2 h5 55. gxh5 1/2-1/2